10 megamiast wysuniętych najbardziej na południe - Statystyki

Ogólne statystyki
  • Ten quiz został rozwiązany 1 960 razy
    1 778 od ostatniego zresetowania
  • Średni wynik to 5 z 10
Statystyki odpowiedzi
Szerokość Megamiasto % Poprawnych
34,6° S Buenos Aires
90%
22,9° S Rio de Janeiro
74%
23,6° S São Paulo
70%
26,2° S Johannesburg
66%
6,1° S Dżakarta
61%
12° S Lima
52%
4,7° N Bogota
48%
4,4° S Kinszasa
40%
6,5° N Lagos
38%
10,8 °N Ho Chi Minh
9%
Nie znaleziono quizów pasujących do podanych kryteriów
Rozkład punktacji
Procent ludzi z każdym wynikiem
Percentyl według liczby udzielonych odpowiedzi
Twoja historia wyników
Nie rozwiązałeś tego quizu od ostatniego zresetowania